Dead or Alive #2 - Statistics

General Stats
  • This quiz has been taken 70 times
  • The average score is 8 of 10
Answer Stats
Question Answer % Correct
Britney Spears Alive
100%
Neil Diamond Alive
100%
Bernie Mac Dead
100%
Brittany Murphy Dead
100%
Ronald Reagan Dead
100%
Mark Wahlburg Alive
75%
Richard Greer Alive
75%
Beverly Cleary Dead
75%
Jose Canseco Alive
25%
Roy Halladay Dead
25%
No matching quizzes found
Score Distribution
Percent of People with Each Score
Percentile by Number Answered
Your Score History
You have not taken this quiz